000 01023cam a22002651 4500
001 gs 19000377
003 DLC
005 20260227111323.0
008 850520s1917 sp abf b 000 0 spa c
010 _ags 19000377
035 _a(OCoLC)12057823
040 _aLibrary, U.S. Geological Survey
_cDSI
_dDLC
042 _apremarc
050 0 0 _aQE283.A4
_bS4
100 2 _aOrueta y Duarte, Domingo de.
245 0 0 _aEstudio geológico y petrográfico de la Serranía de Ronda,
_cpor D. Domingo de Orueta ...
260 _aMadrid,
_bImprenta de J. Palacios,
_c1917.
300 _axxvii, 571 p.
_bdiagrs.
_c27 cm. and
_eatlas of 3 p. l., XVI col. pl., 2 fold. maps, fold. col. diagr.
490 0 _aMemorias del Instituto geológico de España
500 _aEach plate of atlas preceded by leaf with descriptive letterpress.
504 _a"Notas bibliográficas sobre la Serranía de Ronda": p. 1-76.
650 0 _aGeology
_zSpain.
650 0 _aPetrology
_zSpain.
710 2 _aInstituto Geológico de España.
_tMemorias.
999 _c25957
_d25957